HOSPITAL CORE SERVICE (Record no. 15720)
[ view plain ]
| 000 -LEADER | |
|---|---|
| fixed length control field | 00276nam a22001337a 4500 |
| 003 - CONTROL NUMBER IDENTIFIER | |
| control field | SGT |
| 020 ## - INTERNATIONAL STANDARD BOOK NUMBER | |
| International Standard Book Number | 9788176293164 |
| 082 ## - DEWEY DECIMAL CLASSIFICATION NUMBER | |
| Classification number | 362 |
| Item number | GOE |
| 100 ## - MAIN ENTRY--PERSONAL NAME | |
| Personal name | GOEL, S.L |
| 245 ## - TITLE STATEMENT | |
| Title | HOSPITAL CORE SERVICE |
| 260 ## - PUBLICATION, DISTRIBUTION, ETC. (IMPRINT) | |
| Name of publisher, distributor, etc | DEEP PUBLICATION |
| Year of Publication | 2018 |
| 300 ## - PAGE DESCRIPTION | |
| No. of Pages | 342 |
| 942 ## - ADDED ENTRY ELEMENTS (KOHA) | |
| Source of classification or shelving scheme | Dewey Decimal Classification |
| Koha item type | Books |
| 942 ## - ADDED ENTRY ELEMENTS (KOHA) | |
| -- | 2 |
| Withdrawn status | Lost status | Source of classification or shelving scheme | Damaged status | Not for loan | Collection code | Home library | Current library | Shelving location | Date acquired | Vendor Name | Cost, normal purchase price | SGTU | Bill Number | Total Checkouts | Full call number | Accession No. (Barcode) | Date last seen | Date last borrowed | Bill Date | Koha item type |
|---|---|---|---|---|---|---|---|---|---|---|---|---|---|---|---|---|---|---|---|---|
| Dewey Decimal Classification | COMMERCE MANAGEMENT | SGT Science & Social Sciences Library | SGT Science & Social Sciences Library | Text Book | 31/07/2018 | KIRTI PRAKASHAN | 1500.00 | SGTU | IN343 | 2 | 362 GOE | CM4389 | 18/12/2025 | 25/11/2024 | Books | |||||
| Dewey Decimal Classification | COMMERCE MANAGEMENT | SGT Science & Social Sciences Library | SGT Science & Social Sciences Library | Text Book | 31/07/2018 | KIRTI PRAKASHAN | 1500.00 | SGTU | IN343 | 1 | 362 GOE | CM4390 | 12/08/2021 | 06/01/2021 | Books | |||||
| Dewey Decimal Classification | COMMERCE MANAGEMENT | SGT Science & Social Sciences Library | SGT Science & Social Sciences Library | Text Book | 31/07/2018 | KIRTI PRAKASHAN | 1500.00 | SGTU | IN343 | 2 | 362 GOE | CM4391 | 27/02/2020 | 12/02/2020 | Books | |||||
| Dewey Decimal Classification | Not For Loan | COMMERCE MANAGEMENT | SGT Science & Social Sciences Library | SGT Science & Social Sciences Library | Reference Book | 31/07/2018 | KIRTI PRAKASHAN | 1500.00 | SGTU | IN343 | 362 GOE | CM4392 | 31/07/2018 | Books |